Das Tauf-, Heirats- und Sterberegister der katholischen Kirche zu Kobulten im Landkreis Ortelsburg in den Jahren 1894 bis 1945

Titel: Das Tauf-, Heirats- und Sterberegister der katholischen Kirche zu Kobulten im Landkreis Ortelsburg in den Jahren 1894 bis 1945 / von Michael Bulitta, Martin Jend, Marc Patrik Plessna
Teil: Teil 1/2
Beteiligt: ; ;
Veröffentlicht: Bonn : Selbstverlag der GeAGNO, 2016
Umfang: 902 Seiten
Format: Buch
Sprache: Deutsch
Schriftenreihe/
mehrbändiges Werk:
Das Tauf-, Heirats- und Sterberegister der katholischen Kirche zu Kobulten im Landkreis Ortelsburg in den Jahren 1894 bis 1945 / von Michael Bulitta, Martin Jend, Marc Patrik Plessna ; Teil 1/2
alle Bände anzeigen
Schriften der Genalogischen Arbeitsgemeinschaft Neidenburg und Ortelsberg ; Nr. 32
Historische Einwohner-Verzeichnisse (HEV) für das ehemalige Südostpreußen
Schlagworte:
Kein Bild verfügbar
X
Lokale Klassifikation: 6 8 K 710 ; 6 4 H ; 6 4 D ; 6 11 D ; 6 15 R
alg: 39652317
001A    $03004:12-12-16 
001B    $01999:24-10-25 $t22:16:33.000 
001C    $03004:12-12-16 $t08:00:26.000 
001D    $03004:12-12-16 
001U    $0utf8 
001X    $00 
002@    $0Afu 
002C    $aText $btxt $2rdacontent 
002D    $aohne Hilfsmittel zu benutzen $bn $2rdamedia 
002E    $aBand $bnc $2rdacarrier 
003@    $039652317X 
003O    $0965783079 $aOCoLC 
007A    $039652317X $aHEB 
007G    $0DE02088DAFA49A02C2191C125808900429B51 
009P    $qapplication/pdf $A2 $3Inhaltsverzeichnis $uhttp://scans.hebis.de/HEBCGI/show.pl?39652317_toc.pdf $mV:DE-603;B:DE-Mb50 
010@    $ager 
010E    $erda 
011@    $a2016 
013D    $RQuelle $#Regesten $#Urkundenbuch Regest $#Urkunde Regest $74049007-5 $8Regest [Ts1] $9085136581 
028C    $BMitwirkender $4ctb $7 $8Jend, Martin [Tnd] $9149637772 
028C    $BMitwirkender $#Plessa, Marc $4ctb $71379803403 $8Plessa, Marc Patrik$Z1968- [Tp3] $953455587X 
028C    $BMitwirkender $4ctb $7143964895 $8Bulitta, Michael$Z1957- [Tp1] $9234657022 
033A    $pBonn $nSelbstverlag der GeAGNO 
034D    $a902 Seiten 
036C    $aDas @Tauf-, Heirats- und Sterberegister der katholischen Kirche zu Kobulten im Landkreis Ortelsburg in den Jahren 1894 bis 1945 $x11 $hvon Michael Bulitta, Martin Jend, Marc Patrik Plessna $lTeil 1/2 
036D    $x11 $8Das @Tauf-, Heirats- und Sterberegister der katholischen Kirche zu Kobulten im Landkreis Ortelsburg in den Jahren 1894 bis 1945 / von Michael Bulitta, Martin Jend, Marc Patrik Plessna $9396523110 
036E    $aSchriften der Genalogischen Arbeitsgemeinschaft  Neidenburg und Ortelsberg $lNr. 32 
036G    $aHistorische Einwohner-Verzeichnisse (HEV) für das ehemalige Südostpreußen 
045F    $a929.0943832 $eDDC23BSB 
045F/01 $a929 
045F/03 $g43832 
045G    $a200.943832 $eDDC23BSB 
045G/01 $a200.9 
045G/03 $g43832 
045H    $a306.09438320904 $eDDC23BSB 
045H/01 $a306.09 
045H/03 $f0904 
045H/03 $g43832 

lok: 39652317 24
101B    $012-12-16 $t12:22:09.000 
101C    $012-12-16 
101U    $0utf8 
145Z/01 $a6 8 K 710 
145Z/02 $a6 4 H 
145Z/03 $a6 4 D 
145Z/04 $a6 11 D 
145Z/05 $a6 15 R 

exp: 39652317 24 1 #EPN
201B/01 $012-12-16 $t12:22:09.000 
201C/01 $012-12-16 
201U/01 $0utf8 
203@/01 $0796572496 
208@/01 $a12-12-16 $bz 
209A/01 $a16.08442 $du $f050 $h16 08442 $x00 
209C/01 $a16.08442 G $h16 08442 G 
209G/01 $a73919789 $x00 
220C/01 $ahae 
247C/01 $8358050-7 Marburg, Bibliothek des Herder-Instituts Marburg $9102600961 

lok: 39652317 78

exp: 39652317 78 1 #EPN
201B/01 $018-06-21 $t11:06:35.000 
201C/01 $018-06-21 
201U/01 $0utf8 
203@/01 $01158563264 
208@/01 $a18-06-21 $be 
209A/01 $a/ $f000 $x00 
209A/01 $ab*p $x01 
220C/01 $apgar 
244Z/01 $#Preußen $#Preußen $#Brandenburg-Preußen $#Königreich Preußen $#Preußische Staaten $#Preußischer Staat $#Der @Preußische Staat $#Königlich Preußische Staaten $#Prusy Królewskie $#Königlich Preußen $#Prussia $74047194-9 $8--Tg1--Preußen $x01 $9085131652 
247C/01 $82080>Marburg/Lahn, Herder-Institut, Forschungsbibliothek, Bibliographieportal $9336309341
LEADER 00000cam a2200000 cc4500
001 39652317X
003 DE-603
005 20251024221633.0
007 tu
008 161212s2016 xx |||| | u00||u|ger c
035 |a (DE-599)HEB39652317X 
035 |a (OCoLC)965783079 
040 |a DE-603  |b ger  |c DE-603  |d DE-603  |e rda 
041 |a ger 
082 0 4 |8 1\u  |a 929.0943832  |q DE-101  |2 23/BSB 
083 0 |8 2\u  |a 200.943832  |q DE-101  |2 23/BSB 
083 0 |8 3\u  |a 306.09438320904  |q DE-101  |2 23/BSB 
085 |8 1\u  |b 929 
085 |8 1\u  |z 2  |s 43832 
085 |8 2\u  |b 200.9 
085 |8 2\u  |z 2  |s 43832 
085 |8 3\u  |b 306.09 
085 |8 3\u  |z 1  |s 0904 
085 |8 3\u  |z 2  |s 43832 
245 0 0 |a ˜Dasœ Tauf-, Heirats- und Sterberegister der katholischen Kirche zu Kobulten im Landkreis Ortelsburg in den Jahren 1894 bis 1945  |n Teil 1/2  |c von Michael Bulitta, Martin Jend, Marc Patrik Plessna 
264 1 |a Bonn  |b Selbstverlag der GeAGNO  |c 2016 
300 |a 902 Seiten 
336 |a Text  |b txt  |2 rdacontent 
337 |a ohne Hilfsmittel zu benutzen  |b n  |2 rdamedia 
338 |a Band  |b nc  |2 rdacarrier 
490 0 |a Schriften der Genalogischen Arbeitsgemeinschaft Neidenburg und Ortelsberg  |v Nr. 32 
490 0 |a Historische Einwohner-Verzeichnisse (HEV) für das ehemalige Südostpreußen 
655 7 |a Regest  |2 gnd-content  |0 (DE-588)4049007-5  |0 (DE-603)085136581 
700 1 |a Jend, Martin  |e Mitwirkender  |4 ctb  |0 (DE-603)149637772 
700 1 |a Plessa, Marc Patrik  |d 1968-  |e Mitwirkender  |4 ctb  |0 (DE-603)53455587X  |0 (DE-588)1379803403  |2 gnd 
700 1 |a Bulitta, Michael  |d 1957-  |e Mitwirkender  |4 ctb  |0 (DE-603)234657022  |0 (DE-588)143964895  |2 gnd 
773 0 8 |q 11  |w (DE-603)396523110 
856 4 2 |m V:DE-603;B:DE-Mb50  |q application/pdf  |u http://scans.hebis.de/HEBCGI/show.pl?39652317_toc.pdf  |3 Inhaltsverzeichnis 
924 0 |9 Mb 50  |a (DE-603)796572496  |b DE-Mb50  |c HES  |d c  |g 16.08442 
924 0 |9 2080  |a (DE-603)1158563264  |b DE-2080  |c HES  |d d  |g /